000 00795nam a2200253Ia 4500
003 OSt
005 20220928114159.0
006 a|||||r|||| 00| 0
007 ta
008 220927b |||||||| |||| 00| 0 eng d
024 _a47042
037 _cTextual
040 _aSDCL
_cSDCL
_beng
041 _2eng
_aeng
082 _aY49(J).41'N7, M4
100 _aChan Anita
_9437349
245 0 _aChen village
_b The recent history of a peasant community in Mao's China.
260 _aBerkeley
_bUniversity of California Press
_c1984
300 _aviii,293p.
_ccm.
700 _a Madsen Richard Madsen
_9437350
700 _a Unger Jonathan
_9437351
942 _hY49(J).41'N7, M4
_cTEXL
_2CC
999 _c753293
_d753293